Statistics for Types of Reptiles

Click here to take the quiz!

General Stats

  • This quiz has been taken 179 times
  • The average score is 6 of 7

Answer Stats

HintAnswer% Correct
Steve Irwin was a hunter of this reptileCrocodile
98%
Fanged predator, swallows prey wholeSnake
91%
Aquatic with a tough keratin exteriorTurtle
87%
Excellent climbers and mainly insectivoresLizard
84%
Like the above, but more land basedTortoise
82%
Only found in America and ChinaAlligator
81%
Name of group of Caribbean islandsCaiman
52%

Score Distribution

Percentile by Number Answered

Percent of People with Each Score

Your Score History

You have not taken this quiz